000 00604nam a2200193Ia 4500
005 20250508155804.0
008 008 250505s9999 xx 000 0 eng d
037 _aDissertations
040 _aFEDL
_beng
_cFEDL
041 _aeng
_2eng
084 _a420.7, BIS/DI
_qFEDL
100 _aBiswas Ashok Kumar
_9767509
245 0 _aInvestigation into the language attainment of teachers of english for the middle crades in Rajasthan
260 _c1976
300 _a45p.
546 _aM. Ed. Dissertation (Delhi University)
942 _cDIS
_h420.7, BIS/DI
999 _c1359295
_d1359295